• 首页
  • 本馆介绍
  • 公告通知
  • 最新文献
  • 馆藏检索
  • 电子资源
  • 读者导购
  • 参考咨询
  • 我的图书馆
  • 登录
  • 详细信息显示
  • 放入我的书架
  • 预约/预借图书
  • 作者相关作品
  • 分类相关作品
  • 丛书相关作品
  • 出版社相关作品

书目信息

  • 表格格式
  • 工作单格式
  • 卡片格式
题名:
网络信息安全管理研究
    
 
作者: 许绘香 著
分册:  
出版信息: 北京   北京工业大学出版社  2021.5
页数: 190页
开本: 24cm
丛书名:
单 册:
中图分类: G255.76 , TN915.08
科图分类:
主题词: 网络信息资源--安全管理--研究 , 网络安全--安全管理--研究
电子资源:
ISBN: 978-7-5639-7055-1
000 00883nam0 2200253 45
001 012001001745
005 20140912110618.0
010    @a978-7-5639-7055-1@dCNY52.00
100    @a20200918d2019 em y0chiy50 ea
101 0  @achi
102    @aCN@b110000
105    @ay z 000yy
106    @ar
200 1  @a网络信息安全管理研究@Awang luo xin xi an quan guan li yan jiu@f许绘香著
210    @a北京@c北京工业大学出版社@d2021.5
215    @a190页@d24cm
330    @a本书内容包括:绪论、网络信息安全需求、信息技术的发展与网络空间信息安全、网络信息安全与对抗技术、网络病毒防范技术、计算机软件安全技术、电子商务安全技术、计算机网络管理。
606 0  @a网络信息资源@x安全管理@x研究
606 0  @a网络安全@x安全管理@x研究
690    @aG255.76@v5
690    @aTN915.08@v5
701  0 @a许绘香@Axu hui xiang@4著
801  0 @aCN@bBJSDL@c20211011
905    @b1337049-52@dG255.76@e45@f4
    
    网络信息安全管理研究/许绘香著.-北京:北京工业大学出版社,2021.5
    190页;24cm
    
    
    ISBN 978-7-5639-7055-1:CNY52.00
    本书内容包括:绪论、网络信息安全需求、信息技术的发展与网络空间信息安全、网络信息安全与对抗技术、网络病毒防范技术、计算机软件安全技术、电子商务安全技术、计算机网络管理。
●
相关链接 在E读中查询图书 在五车中查询图书 在当当中查询图书 在豆瓣中查询图书


正题名:网络信息安全管理研究     索取号:G255.76/45         预约/预借

序号 登录号 条形码 馆藏地/架位号 状态 备注
1 1337049   213370494   第一样本阅览室/ [索取号:G255.76/45] 在馆    
2 1337050   213370500   第四借阅区/ [索取号:G255.76/45] 在馆    
3 1337051   213370519   第四借阅区/ [索取号:G255.76/45] 在馆    
4 1337052   213370528   第四借阅区/ [索取号:G255.76/45] 在馆    
唐山师范学院图书馆 欢迎您!
大连网信软件有限公司© 版权所有